<?xml version="1.0" encoding="UTF-8"?>
<collection xmlns="http://www.loc.gov/MARC21/slim">
 <record>
  <leader>01194nam a2200181Ia 4500</leader>
  <controlfield tag="001">TDMU_30232</controlfield>
  <controlfield tag="008">210410s9999    xx            000 0 und d</controlfield>
  <datafield tag="082" ind1=" " ind2=" ">
   <subfield code="a">004.6</subfield>
  </datafield>
  <datafield tag="090" ind1=" " ind2=" ">
   <subfield code="b">NG527</subfield>
  </datafield>
  <datafield tag="100" ind1=" " ind2=" ">
   <subfield code="a">Nguyễn, Thị Dạ Lý Hương</subfield>
  </datafield>
  <datafield tag="245" ind1=" " ind2="0">
   <subfield code="a">Tổng hợp Nano vàng từ dịch chiết khế  Averhoa Carambola L. cho hoạt tính kháng khuẩn staphylococcus Aureus</subfield>
  </datafield>
  <datafield tag="245" ind1=" " ind2="0">
   <subfield code="c">Nguyễn Thị Dạ Lý Hương; ThS.Nguyễn Thị Nhật Hằng (h.d)</subfield>
  </datafield>
  <datafield tag="260" ind1=" " ind2=" ">
   <subfield code="a">Bình Dương, 2017</subfield>
  </datafield>
  <datafield tag="300" ind1=" " ind2=" ">
   <subfield code="a">44tr</subfield>
  </datafield>
  <datafield tag="520" ind1=" " ind2=" ">
   <subfield code="a">Cơ quan chủ trì: Đại học Thủ Dầu Một; TLTK  sau phần kết luận; Đề tài tổng hợp thành công hạt nano vàng bằng sử dụng dịch chiết từ cây khế averhoa carambola L.; Khảo sát hoạt tính kháng khuẩn của hạt nano vàng</subfield>
  </datafield>
  <datafield tag="650" ind1=" " ind2=" ">
   <subfield code="a">Báo cáo khoa học; Tổng hợp Nano vàng</subfield>
   <subfield code="x">Hoạt tính kháng khuẩn; Dịch chiết khế averhoa carambola L.</subfield>
   <subfield code="x">Hoạt tính kháng khuẩn</subfield>
  </datafield>
  <datafield tag="856" ind1=" " ind2=" ">
   <subfield code="u">http://lrc.tdmu.edu.vn/opac/search/detail.asp?aID=2&amp;ID=30232</subfield>
  </datafield>
  <datafield tag="980" ind1=" " ind2=" ">
   <subfield code="a">Trung tâm Học liệu Trường Đại học Thủ Dầu Một</subfield>
  </datafield>
 </record>
</collection>
